Najdrożsi piłkarze świata 2024 - Statystyki

Ogólne statystyki
  • Ten quiz został rozwiązany 1 935 razy
  • Średni wynik to 34 z 98
Statystyki odpowiedzi
wartość rynkowa narodowość pozycja nazwisko % Poprawnych
180mln€ francja napastnik mbappe
97%
180mln€ norwegia napastnik haaland
95%
180mln€ anglia pomocnik bellingham
93%
110mln€ anglia napastnik kane
85%
150mln€ brazylia napastnik vinicius
84%
130mln€ anglia napastnik foden
75%
110mln€ niemcy pomocnik musiala
73%
130mln€ anglia napastnik saka
69%
80mln€ hiszpania pomocnik pedri
66%
90mln€ hiszpania pomocnik gavi
65%
100mln€ brazylia napastnik rodrygo
65%
110mln€ niemcy pomocnik wirtz
65%
110mln€ argentyna napastnik martinez
64%
110mln€ hiszpania pomocnik rodri
63%
100mln€ urugwaj pomocnik valverde
62%
95mln€ norwegia pomocnik odegaard
60%
75mln€ hiszpania napastnik yamal
60%
110mln€ anglia pomocnik rice
54%
90mln€ francja pomocnik camavinga
53%
110mln€ nigeria napastnik osimhen
52%
90mln€ argentyna napastnik alvarez
51%
65mln€ egipt napastnik salah
49%
90mln€ portugalia napastnik leao
48%
55mln€ korea południowa obronca kim
46%
80mln€ portugalia obronca dias
42%
90mln€ francja pomocnik tchouameni
42%
60mln€ belgia pomocnik de bruyne
40%
70mln€ urugwaj napastnik nunez
39%
75mln€ chorwacja obronca gvardiol
38%
70mln€ urugwaj obronca araujo
37%
70mln€ holandia pomocnik de jong
37%
65mln€ maroko obronca hakimi
37%
80mln€ portugalia napastnik silva
37%
60mln€ francja napastnik dembele
35%
70mln€ portugalia pomocnik fernandes
35%
55mln€ anglia pomocnik palmer
35%
80mln€ francja obronca saliba
35%
75mln€ kolumbia napastnik diaz
34%
75mln€ węgry pomocnik szoboszlai
34%
75mln€ włochy pomocnik barella
33%
60mln€ kanada obronca davies
33%
70mln€ szwecja napastnik isak
33%
80mln€ argentyna pomocnik fernandez
32%
50mln€ francja obronca kounde
32%
70€mln€ brazylia obronca militao
32%
80mln€ ekwador pomocnik caicedo
31%
50mln€ holandia napastnik gakpo
30%
60mln€ niemcy pomocnik kimmich
30%
55mln€ brazylia napastnik endrick
29%
60mln€ niemcy napastnik havertz
29%
65mln€ anglia napastnik grealish
28%
70mln€ brazylia napastnik jesus
28%
70mln€ argentyna pomocnik macallister
28%
65mln€ serbia napastnik vlahovic
28%
60mln€ francja napastnik kolo muani
27%
70mln€ niemcy napastnik sane
27%
80mln€ holandia napastnik simons
27%
70mln€ anglia obronca alexander-arnold
26%
60mln€ francja obronca hernandez
26%
80mln€ gruzja napastnik kvaratskhelia
26%
70mln€ włochy obronca bastoni
25%
50mln€ kanada napastnik david
25%
80mln€ brazylia napastnik martinelli
25%
50mln€ portugalia napastnik ramos
25%
50mln€ brazylia napastnik raphinha
25%
65mln€ belgia napastnik doku
23%
85mln€ brazylia pomocnik guimaraes
23%
60mln€ anglia napastnik rashford
23%
65mln€ anglia napastnik watkins
23%
50mln€ ghana napastnik williams
23%
65mln€ holandia obronca de ligt
21%
65mln€ brazylia pomocnik paqueta
19%
60mln€ francja napastnik thuram
19%
50mln€ holandia obronca frimpong
18%
65mln€ francja napastnik coman
17%
65mln€ norwegia napastnik hojlund
17%
55mln€ szwecja napastnik gyokeres
16%
55mln€ brazylia obronca marquinhos
16%
60mln€ portugalia obronca mendes
16%
60mln€ japonia napastnik kubo
15%
50mln€ ghana napastnik kudus
14%
55mln€ szwecja napastnik kulusevski
14%
70mln€ francja napastnik nkunku
14%
60mln€ belgia napastnik openda
14%
60mln€ argentyna obronca romero
14%
60mln€ brazylia obronca bremer
12%
70mln€ brazylia pomocnik luiz
12%
60mln€ irlandia napastnik ferguson
11%
50mln€ anglia obronca james
10%
70mln€ anglia pomocnik maddison
10%
50mln€ francja obronca pavard
10%
60mln€ urugwaj pomocnik ugarte
10%
55mln€ anglia obronca white
10%
55mln€ portugalia napastnik neto
8%
50mln€ portugalia pomocnik nunes
8%
55mln€ francja napastnik diaby
7%
65mln€ brazylia obronca magalhaes
6%
55mln€ portugalia pomocnik palhinha
6%
Nie znaleziono quizów pasujących do podanych kryteriów
Rozkład punktacji
Procent ludzi z każdym wynikiem
Percentyl według liczby udzielonych odpowiedzi
Twoja historia wyników
Nie rozwiązałeś tego quizu